Agricultural prices and development with stability (Record no. 349411)

000 -LEADER
fixed length control field 00358cam a22001217a 4500
008 - FIXED-LENGTH DATA ELEMENTS--GENERAL INFORMATION
fixed length control field 180718b1973 xxu||||| |||| 00| 0 eng d
082 ## - DEWEY DECIMAL CLASSIFICATION NUMBER
Classification number Z463x54 N125
100 ## - MAIN ENTRY--PERSONAL NAME
Personal name Nadkarni, M.V.
245 ## - TITLE STATEMENT
Title Agricultural prices and development with stability
Statement of responsibility, etc. by M.V. Nadkarni
260 ## - PUBLICATION, DISTRIBUTION, ETC.
Place of publication, distribution, etc. Delhi
Name of publisher, distributor, etc. National
Date of publication, distribution, etc. 1973
300 ## - PHYSICAL DESCRIPTION
Extent 355p.
650 ## - SUBJECT ADDED ENTRY--TOPICAL TERM
Topical term or geographic name entry element Agricultural prices --India
Holdings
Withdrawn status Lost status Damaged status Not for loan Permanent Location Current Location Date acquired Full call number Barcode Date last seen Price effective from Koha item type
        Indian Institute of Public Administration Indian Institute of Public Administration 1993-11-01 Z463x54 N125 47748 2018-07-21 2018-07-21 Book

Powered by Koha